000 00731nam a2200133Ia 4500
008 171212s9999 xx 000 0 und d
020 _a9780833033543
100 _aZimmer, Ron;Buddin, Richard;Chau, Derrick;Gill, Brian;Guarino, Cassandra M.;Hamilton, Laura;Krop, Cathy;McCaffrey, Daniel;Sandler, Melinda;Brewer, Dominic
245 _cZimmer, Ron;Buddin, Richard;Chau, Derrick;Gill, Brian;Guarino, Cassandra M.;Hamilton, Laura;Krop, Cathy;McCaffrey, Daniel;Sandler, Melinda;Brewer, Dominic
_aCharter School Operations and Performance
_bEvidence from California
260 _bRAND Corporation
_c2003
650 _aCharter schools -- California -- Evaluation
650 _aEducation
856 _uwww.jstor.org/stable/10.7249/mr1700edu
999 _c351849
_d351849